Avoiding disaster : policies to reduce the risk of banking crises /

Saved in:

Main Author: Caprio, Gerard (Author)

Corporate Author: Markaz al-Miṣrī lil-Dirāsāt al-Iqtiṣādīyah.

Other Authors: Martínez Pería, María Soledad.

Format: Book

Language: English

Series: Working paper series (The Egyptian Center for Economic Studies) ; 47.

Subjects:

Tags: Add Tag

No Tags, Be the first to tag this record!

Call Number: HC59.7 .W6 no.47

LEADER 01426namaa2200337 4500
001 14644
003 OSt
005 20201101103711.0
008 191001s2000 ua a g b 000 0 eng d
952 |0 0  |1 0  |2 lcc  |4 0  |6 HC00597 W6 NO.00047  |7 1  |9 7209  |a ARCE  |b ARCE  |d 2020-11-01  |l 0  |o HC59.7 .W6 no.47  |p 1000668  |r 2020-11-01 00:00:00  |w 2020-11-01  |y BK 
999 |c 15303  |d 15303 
040 |c ARCE Library 
041 0 |a eng  |b ara 
050 0 4 |a HC59.7 .W6 no.47 
100 1 |a Caprio, Gerard,  |e author 
245 1 0 |a Avoiding disaster :  |b policies to reduce the risk of banking crises /  |c Gerard Caprio, Maria Soledad Martinez Peria. 
264 1 |a Cairo :  |b The Egyptian Center for Economic Studies,  |c 2000. 
300 |a 32 pages :  |b illustrations ;  |c 30 cm. 
336 |a text  |b txt  |2 rdacontent 
337 |a unmediated  |b n  |2 rdamedia 
338 |a volume  |b nc  |2 rdacarrier 
490 1 |a Working paper series (The Egyptian Center for Economic Studies) ;   |v 47. 
500 |a "al-Markaz al-Misṛī lil-Dirāsāt al-Iqtisạ̄dīyah, ECES, The Egyptian Center for Economic Studies" -- Cover. 
504 |a Bibliography : pages 25-28. 
546 |a Abstract in English and Arabic. 
650 0 |a Banks and banking. 
700 1 |a Martínez Pería, María Soledad. 
710 2 |a Markaz al-Miṣrī lil-Dirāsāt al-Iqtiṣādīyah. 
830 0 |a Working paper series (The Egyptian Center for Economic Studies) ;   |v 47. 
901 |a reviewed 
942 |c BK  |2 lcc